The history of Islam / (Record no. 7452)
[ view plain ]
| 000 -LEADER | |
|---|---|
| fixed length control field | 00597nam a22002415i 4500 |
| 001 - CONTROL NUMBER | |
| JCCL Control Number | 7452 |
| 003 - CONTROL NUMBER IDENTIFIER | |
| JCCL marc code | BD-JhCC |
| 005 - DATE AND TIME OF LATEST TRANSACTION | |
| control field | 20220814134022.0 |
| 008 - FIXED-LENGTH DATA ELEMENTS--GENERAL INFORMATION | |
| fixed length control field | 170821s1992 nyu 000 0 eng |
| 020 ## - INTERNATIONAL STANDARD BOOK NUMBER | |
| International Standard Book Number | 9783319677163 |
| 035 ## - SYSTEM CONTROL NUMBER | |
| system control number | (BD-JhCC)7452 |
| 040 ## - CATALOGING SOURCE | |
| Original cataloging agency | DLC |
| Description conventions | rda |
| Transcribing agency | DLC |
| Modifying agency | BD-JhCC |
| 041 ## - LANGUAGE CODE | |
| Language code of Book | eng |
| 082 ## - DEWEY DECIMAL CLASSIFICATION NUMBER | |
| Classification number | 297.09 |
| Author mark and Year | PAY 1992 |
| 100 ## - MAIN ENTRY--PERSONAL NAME | |
| Personal name | Payne, Robert |
| 245 04 - TITLE STATEMENT | |
| Title | The history of Islam / |
| Statement of responsibility, etc | Robert Payne |
| 260 ## - PUBLICATION, DISTRIBUTION, ETC. (IMPRINT) | |
| Place of publication, distribution, etc | New York : |
| Name of publisher, distributor, etc | Barnes & Nobel Books, |
| Date of publication, distribution, etc | 1992 |
| 263 ## - PROJECTED PUBLICATION DATE | |
| Projected publication date | 1710 |
| 300 ## - PHYSICAL DESCRIPTION | |
| Pagination | 335 p. : cm |
| Dimensions | 25 cm. |
| 650 ## - SUBJECT ADDED ENTRY--TOPICAL TERM | |
| Topical term or geographic name as entry element | Islam |
| 942 ## - ADDED ENTRY ELEMENTS (KOHA) | |
| Source of classification or shelving scheme | Dewey Decimal Classification |
| Koha item type | Books |
| Koha issues (borrowed), all copies | 5 |
| Source of classification or shelving scheme | Damaged status | Not for loan | Home library | Current library | Shelving location | Total Checkouts | Full call number | Barcode | Date last seen | Date checked out | Copy number | Koha item type |
|---|---|---|---|---|---|---|---|---|---|---|---|---|
| Dewey Decimal Classification | JCC Rouf Library | JCC Rouf Library | General Stacks | 5 | 297.09 PAY 1992 | 10006 | 10/23/2022 | 08/14/2022 | C - 1 | Books |